01954nam a22002537a 4500003000900000008004100009040007100050082002500121110003900146245006700185260007300252300004500325440005300370505107300423650002201496650001901518650001501537650001001552700002801562700002901590700002801619700002801647700002501675AR-CdUCM190515b ||||| |||| 00| 0 spa d aMUNICIPALIDAD PROVINCIAL DEL CUSCOcBIBLIOTECA MUNICIPAL DEL CUSCO aPatrimonio/N°1/2002 aMunicipalidad Provincial del Cusco aRevista de Cultura Patrimonio Cusco /cMunicipalidad del Cusco aCusco :bMunicipalidad Provincial del Cusco,bDanny´s Graff,c2002. a86 páginas. :bilustraciones ;c26 cm. aRevista de Cultura Patrimonio Cusco.nN°1, 2002 aContenido: El Inca Garcilaso y el Runa Simi. Manuel Jesús Aparicio. -- Camino Inca en Machu Picchu. Víctor Angles Vargas. -- Apuntes sobre el Pitu colaptes rupicola. José Luis Venero Gonzales. -- El Inti Raymi ayer y hoy. Armando Harvey Valencia. -- Cambio en la lectura de la enseñanza. Aidé Zela Vera. -- Que esta pasando con la cultura andina. Guillermo Salas Carreño. -- De Aríbalos mujeres y huellas de Puma. Jorge Pedro Gómez Muñoz. -- La chincana de Cusco. Rossano Calvo Calvo. -- La Astronomía Inka. Armando Valenzuela Lovón. -- El Centro Científico del Cusco. Julio Antonio Gutiérrez Samanez. -- Testimonio de una época respuestas a mis propias preguntas. Hugo Bonet Rodríguez. -- Francisco Gonzáles Gamarra. Manuel Gibaja. -- Soneto libre para una rosa. Raúl Brozovich. -- Paq´o. Odi Gonzales. -- Jesús. Ana Bertha Vizcarra. -- Lucy. Luis Nieto Degregori. -- Ratoncillo. Elver Pizarro. -- Bryce Echenique. Mario Pantoja. -- Hagiographia. Baudelaire. -- Aspectos de la cultura actual del Cusco. Raúl Carreño Collatupa. aInterculturalidad aCultura andina aLiteratura aCusco aPantoja Palomino, Mario aAparicio, Manuel Jesús aAngles Vargas, Víctor aBonet Rodríguez, Hugo aCalvo Calvo, Rossano